[Event "European Youth Chess Championship G16"]
[Site "Prague, Top Hotel Prague"]
[Date "2016.08.21"]
[Round "4.42"]
[White "Nepomnyaschaya, Mariya"]
[Black "Vitova, Anna"]
[Result "1-0"]
[WhiteElo "1569"]
[BlackElo "1727"]
[PlyCount "85"]
[EventDate "2016.08.18"]

1. e4 c5 2. Nf3 d6 3. d4 cxd4 4. Nxd4 Nf6 5. Nc3 a6 6. Be2 e6 7. f4 Qc7 8. Bf3
Be7 9. a4 Nbd7 10. a5 O-O 11. Be3 Rb8 12. Nb3 b5 13. axb6 Nxb6 14. Na5 Nc4 15.
Nxc4 Qxc4 16. Ra4 Qc7 17. Qa1 Nd7 18. Bd4 Nc5 19. Ra2 Bb7 20. O-O Nd7 21. Kh1
Bf6 22. Be3 Bxc3 23. bxc3 Nf6 24. Ra4 Rfc8 25. Bd2 Ra8 26. f5 e5 27. g4 h6 28.
h4 d5 29. exd5 Bxd5 30. g5 Bxf3+ 31. Rxf3 Qc6 32. Kg2 e4 33. Re3 hxg5 34. hxg5
Nd5 35. Rexe4 Nb6 36. Rad4 Re8 37. Qe1 Nd5 38. Kg1 Rec8 39. Qh4 Nxc3 40. Bxc3
Qxc3 41. g6 fxg6 42. fxg6 Qa1+ 43. Re1 1-0

[Event "European Youth Chess Championship G16"]
[Site "Prague, Top Hotel Prague"]
[Date "2016.08.21"]
[Round "4.43"]
[White "Bierska, Adela"]
[Black "Waardenburg, Feline"]
[Result "1/2-1/2"]
[WhiteElo "1722"]
[BlackElo "1559"]
[PlyCount "64"]
[EventDate "2016.08.18"]

1. e4 c5 2. d4 g6 3. dxc5 Qa5+ 4. Nc3 Qxc5 5. Bd3 Qc7 6. Nd5 Qd8 7. Bc4 Nc6 8.
Nf3 Bg7 9. Bf4 d6 10. c3 Nf6 11. Ne3 O-O 12. Qd3 Nd7 13. O-O Nce5 14. Nxe5 Nxe5
15. Qe2 Nxc4 16. Qxc4 Be6 17. Nd5 Rc8 18. Qb5 b6 19. Qa4 Bxd5 20. exd5 Rc5 21.
Be3 Rxd5 22. Qxa7 Ra5 23. Qxb6 Qxb6 24. Bxb6 Rb5 25. Bd4 Rxb2 26. Bxg7 Kxg7 27.
Rfc1 Ra8 28. a4 Rb3 29. c4 Rb4 30. a5 Ra6 31. g3 Rb2 32. c5 dxc5 1/2-1/2

[Event "European Youth Chess Championship G16"]
[Site "Prague, Top Hotel Prague"]
[Date "2016.08.21"]
[Round "4.44"]
[White "Garcia, Megan Alyssa"]
[Black "Markocic, Spela"]
[Result "1/2-1/2"]
[WhiteElo "1592"]
[BlackElo "1680"]
[PlyCount "82"]
[EventDate "2016.08.18"]

1. e4 c5 2. Nf3 Nc6 3. d4 cxd4 4. Nxd4 g6 5. c4 Bg7 6. Be3 Nf6 7. Nc3 d6 8. Be2
O-O 9. O-O Bd7 10. Qd2 Nxd4 11. Bxd4 Bc6 12. f3 a5 13. b3 Nd7 14. Be3 Nc5 15.
Rab1 Qb6 16. Rfc1 Qb4 17. Nd5 Bxd5 18. cxd5 Rfc8 19. Rc4 Qxd2 20. Bxd2 b5 21.
Rc2 b4 22. Rc4 Kf8 23. Rbc1 Rc7 24. g3 Ke8 25. f4 Rac8 26. Bg4 e6 27. dxe6 fxe6
28. Be3 Ke7 29. Kg2 Bc3 30. Bxc5 Rxc5 31. Rxc5 Rxc5 32. Rd1 Bb2 33. Rd2 Bc1 34.
Re2 Kf7 35. h4 h5 36. Bh3 Kf6 37. Kf3 Rc3+ 38. Kg2 Re3 39. Rxe3 Bxe3 40. Kf3
Bd2 41. Ke2 Bc3 1/2-1/2

[Event "European Youth Chess Championship G16"]
[Site "Prague, Top Hotel Prague"]
[Date "2016.08.21"]
[Round "4.45"]
[White "Tomcikova, Zuzana"]
[Black "Mutlu, Beste"]
[Result "1/2-1/2"]
[WhiteElo "1654"]
[BlackElo "1759"]
[PlyCount "43"]
[EventDate "2016.08.18"]

1. e4 c5 2. Nc3 d6 3. Bb5+ Nd7 4. Bxd7+ Bxd7 5. f4 g6 6. d3 Bg7 7. Nf3 e6 8.
O-O Ne7 9. Qe1 O-O 10. Qh4 Nc6 11. Qf2 b6 12. a3 Nd4 13. Be3 Nxf3+ 14. Qxf3 Bc6
15. Qg3 d5 16. exd5 exd5 17. Bd2 Qd6 18. Rab1 Rfe8 19. Rfe1 f5 20. Kh1 d4 21.
Ne2 b5 22. Ng1 1/2-1/2

[Event "European Youth Chess Championship G16"]
[Site "Prague, Top Hotel Prague"]
[Date "2016.08.21"]
[Round "4.46"]
[White "Urbanc, Ana"]
[Black "Litvjakova, Darija"]
[Result "1/2-1/2"]
[WhiteElo "1681"]
[BlackElo "1597"]
[PlyCount "68"]
[EventDate "2016.08.18"]

1. e4 c6 2. d4 d5 3. exd5 cxd5 4. Bd3 Nc6 5. c3 Nf6 6. Bf4 Qb6 7. Qc2 e6 8. Nf3
g6 9. Nbd2 Bd7 10. O-O Ne7 11. Rfe1 Bg7 12. Ne5 O-O 13. Bg5 Bc6 14. Re3 Qd8 15.
Rh3 Nd7 16. f4 Qe8 17. Rf1 f6 18. Nxc6 bxc6 19. Bh6 Qf7 20. Nf3 Rac8 21. Bxg7
Kxg7 22. b4 Nb6 23. Re1 Nf5 24. Qe2 Rfe8 25. Nh4 Nxh4 26. Rxh4 Nd7 27. Qd2 f5
28. Rh3 Nf6 29. Be2 Ne4 30. Qc1 Ra8 31. Ba6 Qc7 32. Rf3 Qb6 33. Qa3 Qc7 34. Qc1
Qb6 1/2-1/2

[Event "European Youth Chess Championship G16"]
[Site "Prague, Top Hotel Prague"]
[Date "2016.08.22"]
[Round "5.1"]
[White "Tsolakidou, Stavroula"]
[Black "Avramidou, Anastasia"]
[Result "1/2-1/2"]
[WhiteElo "2363"]
[BlackElo "2244"]
[PlyCount "159"]
[EventDate "2016.08.18"]

1. e4 e6 2. b3 d5 3. Bb2 dxe4 4. Nc3 Nf6 5. Qe2 Nc6 6. O-O-O Be7 7. Nxe4 a5 8.
a4 O-O 9. Nf3 b6 10. Nxf6+ Bxf6 11. Qe4 Bb7 12. Bb5 Bxb2+ 13. Kxb2 Qd6 14. d4
Nd8 15. Qh4 Bxf3 16. gxf3 Nc6 17. Rhg1 Ne7 18. Rg5 Ng6 19. Qg3 Rfd8 20. Bc4 c6
21. h4 Qxg3 22. fxg3 Ne7 23. c3 c5 24. Re5 Rd6 25. g4 Ng6 26. Ree1 cxd4 27.
Rxd4 Rxd4 28. cxd4 Nxh4 29. d5 Nxf3 30. Re3 Ng5 31. dxe6 Nxe6 32. Bxe6 Re8 33.
Rd3 fxe6 34. Rd6 Rb8 35. Rxe6 b5 36. Ka3 b4+ 37. Kb2 Ra8 38. Re5 Kf7 39. Kc2
Rc8+ 40. Kb2 Ra8 41. Kc2 Ra7 42. Rc5 Ke6 43. Rh5 h6 44. Rb5 Ra6 45. Kd3 Rc6 46.
Rxa5 Rc3+ 47. Ke4 Rxb3 48. Ra6+ Kf7 49. Rb6 Rb1 50. a5 Ra1 51. Rxb4 Rxa5 52.
Rb6 Ra1 53. Kf3 Rf1+ 54. Kg3 Rf6 55. Rb7+ Kg6 56. Rb5 Rd6 57. Ra5 Kf6 58. Rb5
Rd3+ 59. Kf2 Ke6 60. Rb7 Rd7 61. Rb5 Rd5 62. Rb6+ Ke5 63. Rg6 Rd7 64. Ke3 Ra7
65. Kf3 Rb7 66. Kg3 Rf7 67. Ra6 Rf6 68. Ra5+ Ke4 69. Ra4+ Kd3 70. Ra3+ Kc4 71.
Ra7 g5 72. Ra4+ Kb5 73. Re4 Kc5 74. Ra4 Rd6 75. Ra5+ Kd4 76. Ra4+ Ke3 77. Ra3+
Ke4 78. Ra4+ Rd4 79. Ra6 Ke3 80. Rxh6 1/2-1/2

[Event "European Youth Chess Championship G16"]
[Site "Prague, Top Hotel Prague"]
[Date "2016.08.22"]
[Round "5.2"]
[White "Dimitrova, Aleksandra"]
[Black "Obolentseva, Alexandra"]
[Result "1-0"]
[WhiteElo "2259"]
[BlackElo "2339"]
[PlyCount "91"]
[EventDate "2016.08.18"]

1. e4 c5 2. Nf3 d6 3. Bb5+ Nd7 4. d4 cxd4 5. Qxd4 a6 6. Bxd7+ Bxd7 7. O-O Nf6
8. c4 g6 9. Nc3 Bg7 10. b3 O-O 11. Bb2 Bc6 12. Nd5 Nh5 13. Qd2 Bxb2 14. Qxb2 e6
15. Nc3 f5 16. Nd4 Qf6 17. Nxc6 bxc6 18. Qd2 Rad8 19. Rad1 e5 20. f3 Nf4 21.
Qf2 Ne6 22. Rd2 Qg5 23. Rfd1 Nd4 24. exf5 gxf5 25. f4 Qg7 26. b4 Ne6 27. Ne2
Qe7 28. Qg3+ Ng7 29. fxe5 f4 30. Nxf4 Qxe5 31. Ne2 Qf6 32. h3 Kh8 33. Qc3 Qf2+
34. Kh2 a5 35. bxa5 Qc5 36. Nd4 Rde8 37. Re2 Rxe2 38. Nxe2 Rf2 39. Ng3 Qg5 40.
Rxd6 h5 41. Qd4 Rf8 42. h4 Qf4 43. Qxf4 Rxf4 44. a6 Rxh4+ 45. Kg1 Rf4 46. Rd8+
1-0

[Event "European Youth Chess Championship G16"]
[Site "Prague, Top Hotel Prague"]
[Date "2016.08.22"]
[Round "5.3"]
[White "Tishova, Svetlana"]
[Black "Protopopova, Anastasiya"]
[Result "1-0"]
[WhiteElo "2012"]
[BlackElo "2108"]
[PlyCount "78"]
[EventDate "2016.08.18"]

1. e4 e5 2. Nf3 Nc6 3. d4 exd4 4. Nxd4 Bc5 5. Nb3 Bb6 6. Nc3 Nf6 7. Qe2 O-O 8.
Bg5 h6 9. Bh4 a5 10. O-O-O a4 11. Nd2 Bd4 12. Nb5 a3 13. Nxd4 axb2+ 14. Kb1
Nxd4 15. Qe3 c5 16. Nb3 d6 17. e5 Qb6 18. Nxd4 Nd5 19. Qf3 Bg4 20. Qxd5 Bxd1
21. Nb5 Bg4 22. Bc4 dxe5 23. Be7 Be6 24. Qd6 Qxd6 25. Nxd6 Rfb8 26. Bxe6 fxe6
27. Nc4 b5 28. Nxe5 c4 29. Bb4 Rd8 30. Kxb2 Rd5 31. Ng4 Ra7 32. Re1 Rg5 33. h3
h5 34. Ne3 Rf7 35. Re2 Re5 36. Kc3 Rd7 37. h4 Kh7 38. g3 g5 39. f3 gxh4 1-0

[Event "European Youth Chess Championship G16"]
[Site "Prague, Top Hotel Prague"]
[Date "2016.08.22"]
[Round "5.4"]
[White "Hrescak, Ivana"]
[Black "Garcia, Martin Marta"]
[Result "0-1"]
[WhiteElo "2007"]
[BlackElo "2229"]
[PlyCount "86"]
[EventDate "2016.08.18"]

1. d4 Nf6 2. c4 e6 3. Nc3 Bb4 4. e3 b6 5. Bd3 Bb7 6. Nge2 Bxg2 7. Rg1 Bf3 8.
Rg3 Bh5 9. e4 Bg6 10. Bg5 Be7 11. Nf4 Nc6 12. h4 e5 13. dxe5 Nxe5 14. Bxf6 Bxf6
15. h5 Bg5 16. Ng2 c6 17. hxg6 hxg6 18. Bf1 Qf6 19. Qe2 O-O-O 20. Kd1 Rh2 21.
c5 b5 22. Ke1 Rdh8 23. Rd1 R8h3 24. Rd6 Qe7 25. Kd1 Rxg3 26. fxg3 Nc4 27. e5
Ne3+ 28. Ke1 Qxe5 29. Kf2 Qxc5 30. Ne4 Ng4+ 31. Ke1 Qb4+ 32. Rd2 Bxd2+ 33. Nxd2
Kc7 34. a3 Qd4 35. Nf3 Qc5 36. Nxh2 Nxh2 37. Nf4 Qc1+ 38. Kf2 Nxf1 39. Qe5+ Kb7
40. Ne2 Qd1 41. Qxg7 Nd2 42. Qd4 Qf1+ 43. Ke3 Nc4+ 0-1

[Event "European Youth Chess Championship G16"]
[Site "Prague, Top Hotel Prague"]
[Date "2016.08.22"]
[Round "5.5"]
[White "Koehler, Inken"]
[Black "Sieber, Fiona"]
[Result "0-1"]
[WhiteElo "2008"]
[BlackElo "2173"]
[PlyCount "132"]
[EventDate "2016.08.18"]

1. e4 c5 2. Nf3 Nc6 3. d4 cxd4 4. c3 Nf6 5. e5 Nd5 6. cxd4 d6 7. Bc4 e6 8. O-O
Be7 9. Qe2 O-O 10. Qe4 Bd7 11. Bd3 f5 12. exf6 Nxf6 13. Qe2 Qa5 14. Nc3 Rae8
15. Bd2 Qh5 16. h3 a6 17. Ng5 Qxe2 18. Nxe2 h6 19. Nf3 Nd5 20. Rfe1 Rc8 21. Nc3
Ndb4 22. Be4 d5 23. Bb1 Rxf3 24. gxf3 Nxd4 25. Rd1 Nxf3+ 26. Kg2 Nxd2 27. Rxd2
Rf8 28. a3 Nc6 29. Ba2 Bg5 30. Rd3 Ne5 31. Rd4 Bc6 32. Ne2 Nf3 33. Rdd1 Kh8 34.
Nd4 Nxd4 35. Rxd4 e5 36. Rdd1 d4+ 37. Kg1 Rf3 38. Be6 g6 39. b4 Kg7 40. Bg4 Rc3
41. Be2 Rxh3 42. f3 Bf4 43. Kg2 Rh2+ 44. Kf1 d3 45. Bxd3 Bxf3 46. Bc4 Bxd1 47.
Rxd1 Rd2 48. Rxd2 Bxd2 49. Bd5 b6 50. Bb7 a5 51. bxa5 bxa5 52. a4 Kf6 53. Ke2
Bc1 54. Kf3 h5 55. Be4 g5 56. Kg3 Bf4+ 57. Kh3 Bd2 58. Kg3 Be1+ 59. Kh3 g4+ 60.
Kg2 Kg5 61. Kh2 Kf4 62. Bg6 h4 63. Bc2 e4 64. Kg2 h3+ 65. Kf1 Bb4 66. Ke2 h2
0-1

[Event "European Youth Chess Championship G16"]
[Site "Prague, Top Hotel Prague"]
[Date "2016.08.22"]
[Round "5.6"]
[White "Antolak, Julia"]
[Black "Waechter, Nathalie"]
[Result "1-0"]
[WhiteElo "2103"]
[BlackElo "1993"]
[PlyCount "123"]
[EventDate "2016.08.18"]

1. e4 e6 2. d4 d5 3. Nd2 c5 4. exd5 exd5 5. Ngf3 Nf6 6. Bb5+ Bd7 7. Bxd7+ Nbxd7
8. O-O Be7 9. dxc5 Nxc5 10. Nb3 Nce4 11. Nbd4 Qc8 12. c3 O-O 13. Bf4 Bd6 14.
Bxd6 Nxd6 15. Qc2 Nfe4 16. Rad1 Nc4 17. Ne2 Qc6 18. Ng3 Rad8 19. Rd4 Rfe8 20.
Rfd1 Nxg3 21. hxg3 Qb5 22. b3 Nb6 23. c4 Qa6 24. Ng5 g6 25. Rh4 dxc4 26. Nxh7
Nd5 27. bxc4 Nf6 28. Nxf6+ Qxf6 29. Rf4 Rxd1+ 30. Qxd1 Rd8 31. Qf3 Qa1+ 32. Kh2
Rd1 33. g4 Rh1+ 34. Kg3 Rc1 35. Qxb7 Qc3+ 36. Qf3 Qe5 37. Qa8+ Kg7 38. Qe4 Qc7
39. g5 Qa5 40. Rxf7+ Kxf7 41. Qf4+ Kg8 42. Qxc1 Qxa2 43. c5 Qb3+ 44. Kf4 Qb8+
45. Ke4 Qe8+ 46. Kd4 Qd7+ 47. Ke3 Qe6+ 48. Kf3 Qc6+ 49. Kg3 a5 50. Qc4+ Kf8 51.
Kf4 a4 52. Qb4 Ke7 53. Ke3 Kd7 54. f4 Qa6 55. Qa3 Kc7 56. Kd4 Qa8 57. Qe3 Qd8+
58. Kc3 Qd1 59. Qe5+ Kc8 60. Qe6+ Kb7 61. Qb6+ Kc8 62. Qc6+ 1-0

[Event "European Youth Chess Championship G16"]
[Site "Prague, Top Hotel Prague"]
[Date "2016.08.22"]
[Round "5.7"]
[White "Broly, Mathilde"]
[Black "Brunova, Blanka"]
[Result "1-0"]
[WhiteElo "2098"]
[BlackElo "1992"]
[PlyCount "37"]
[EventDate "2016.08.18"]

1. e4 c5 2. Nf3 Nc6 3. Bb5 g6 4. Bxc6 dxc6 5. d3 Bg7 6. h3 e5 7. Be3 b6 8. a3
Ne7 9. Qd2 Be6 10. Bh6 Bf6 11. O-O Qc7 12. b4 c4 13. Ng5 Bxg5 14. Bxg5 O-O 15.
Bf6 Qd8 16. Qh6 Nf5 17. exf5 Qxf6 18. fxe6 e4 19. Nd2 1-0

[Event "European Youth Chess Championship G16"]
[Site "Prague, Top Hotel Prague"]
[Date "2016.08.22"]
[Round "5.8"]
[White "Leser, Katrin"]
[Black "Redondo, Benavente Ana"]
[Result "1/2-1/2"]
[WhiteElo "1979"]
[BlackElo "2088"]
[PlyCount "51"]
[EventDate "2016.08.18"]

1. e4 e5 2. Nf3 Nc6 3. Bb5 f5 4. Nc3 fxe4 5. Nxe4 d5 6. Nxe5 dxe4 7. Nxc6 Qg5
8. Qe2 Nf6 9. f4 Qxf4 10. Nxa7+ c6 11. Nxc6 bxc6 12. Bxc6+ Bd7 13. Bxa8 Bd6 14.
d3 Qh4+ 15. Qf2 Qxf2+ 16. Kxf2 O-O 17. Bxe4 Nxe4+ 18. Ke1 Bb4+ 19. c3 Nxc3 20.
Bd2 Re8+ 21. Kf1 Rf8+ 22. Ke1 Re8+ 23. Kf1 Rf8+ 24. Ke1 Re8+ 25. Kf1 Rf8+ 26.
Ke1 1/2-1/2

[Event "European Youth Chess Championship G16"]
[Site "Prague, Top Hotel Prague"]
[Date "2016.08.22"]
[Round "5.9"]
[White "Radeva, Viktoria"]
[Black "Cieslak, Wiktoria"]
[Result "1-0"]
[WhiteElo "2080"]
[BlackElo "1865"]
[PlyCount "121"]
[EventDate "2016.08.18"]

1. e4 c5 2. Nf3 d6 3. d4 Nf6 4. Nc3 cxd4 5. Nxd4 a6 6. f3 e5 7. Nb3 Be6 8. Be3
Be7 9. Qd2 Nbd7 10. g4 b5 11. O-O-O Nb6 12. Qf2 Nc4 13. Bxc4 bxc4 14. Nc5 Qc7
15. Nxe6 fxe6 16. g5 Nh5 17. Qh4 g6 18. Qg4 Qd7 19. Ne2 Rf8 20. Rhf1 Rb8 21. c3
Rf7 22. Rd2 Kf8 23. Rfd1 Kg8 24. f4 exf4 25. Nxf4 Nxf4 26. Bxf4 Rb6 27. Be3 Rb7
28. Kb1 Rf8 29. h4 Rfb8 30. h5 Bf8 31. hxg6 hxg6 32. Bd4 Bg7 33. Bxg7 Kxg7 34.
Qf4 Qe7 35. Rh1 Kg8 36. Rdh2 Qg7 37. Qxd6 Rb6 38. Qd4 Qxd4 39. cxd4 Kf8 40. e5
Ke8 41. Rh8+ Kd7 42. Rxb8 Rxb8 43. Kc2 Kc6 44. Rh6 Rg8 45. Rh7 Rf8 46. Kc3 Rf5
47. Kxc4 Rxg5 48. Re7 Rg2 49. Rxe6+ Kd7 50. Rxa6 Rxb2 51. Rxg6 Rxa2 52. d5 Rc2+
53. Kd3 Rc1 54. Rg7+ Ke8 55. Kd4 Rc2 56. e6 Ra2 57. Ke5 Ra5 58. Kf6 Kd8 59. d6
Kc8 60. Rg8+ Kb7 61. e7 1-0

[Event "European Youth Chess Championship G16"]
[Site "Prague, Top Hotel Prague"]
[Date "2016.08.22"]
[Round "5.10"]
[White "Pasoglou, Ekaterini"]
[Black "Avetisyan, Mariam"]
[Result "0-1"]
[WhiteElo "1938"]
[BlackElo "2079"]
[PlyCount "96"]
[EventDate "2016.08.18"]

1. d4 d5 2. Nf3 Nf6 3. e3 e6 4. Bd3 c5 5. Nbd2 Nc6 6. c3 Bd6 7. O-O O-O 8. Qe2
e5 9. dxe5 Nxe5 10. Nxe5 Bxe5 11. Nf3 Bc7 12. c4 Bg4 13. h3 Bh5 14. b3 Ne4 15.
g4 Bg6 16. cxd5 f5 17. Bb2 fxg4 18. hxg4 Rxf3 19. Qxf3 Nd2 20. Qe2 Bxd3 21.
Qxd2 Qg5 22. f3 Bxf1 23. Rxf1 Rd8 24. Rd1 h5 25. e4 Bf4 26. Qg2 Be3+ 27. Kf1
Rf8 28. gxh5 Qh6 29. Ke2 Bf4 30. Rg1 Qa6+ 31. Ke1 g5 32. Qc2 Be3 33. Qc3 Bd4
34. Rxg5+ Kh7 35. Qc2 Rxf3 36. Bxd4 Qf1+ 37. Kd2 cxd4 38. Qc7+ Rf7 39. Qxf7+
Qxf7 40. Rf5 Qc7 41. Rf3 Qa5+ 42. Kd1 Qc5 43. Rd3 b5 44. Kd2 Kh6 45. a3 a5 46.
a4 bxa4 47. bxa4 Kxh5 48. Rb3 Kg4 0-1

[Event "European Youth Chess Championship G16"]
[Site "Prague, Top Hotel Prague"]
[Date "2016.08.22"]
[Round "5.11"]
[White "Panainte, Andreea-Bianca"]
[Black "Kochukova, Anna"]
[Result "1-0"]
[WhiteElo "1799"]
[BlackElo "2041"]
[PlyCount "83"]
[EventDate "2016.08.18"]

1. e4 c5 2. c4 Nc6 3. Nc3 g6 4. g3 Bg7 5. Bg2 e6 6. Nge2 Nge7 7. O-O O-O 8. d3
d6 9. Be3 Nd4 10. Rb1 a6 11. a3 Rb8 12. b4 Bd7 13. f4 b6 14. Qd2 Qc7 15. g4 f5
16. exf5 exf5 17. Bxd4 cxd4 18. Nd5 Nxd5 19. Bxd5+ Kh8 20. g5 Bc6 21. Bxc6 Qxc6
22. Qb2 Qe8 23. Rf3 d5 24. Rc1 Rc8 25. c5 bxc5 26. bxc5 Rf7 27. Kf1 Re7 28. Qa2
Re3 29. Rg3 Qe6 30. Qb2 Re8 31. Rc2 Rxg3 32. hxg3 Qe3 33. Rd2 Qf3+ 34. Kg1 Qe3+
35. Kg2 Kg8 36. Nc1 Qe7 37. Re2 Qd7 38. Rxe8+ Qxe8 39. Qb7 Qe6 40. c6 Qe1 41.
c7 Qd2+ 42. Kh3 1-0

[Event "European Youth Chess Championship G16"]
[Site "Prague, Top Hotel Prague"]
[Date "2016.08.22"]
[Round "5.12"]
[White "Bojicic, Andjela"]
[Black "Koridze, Lile"]
[Result "1-0"]
[WhiteElo "2110"]
[BlackElo "1937"]
[PlyCount "63"]
[EventDate "2016.08.18"]

1. d4 Nf6 2. c4 e6 3. Nc3 Bb4 4. e3 c5 5. Bd3 Nc6 6. Nge2 cxd4 7. exd4 d5 8.
cxd5 Nxd5 9. O-O O-O 10. Nxd5 exd5 11. Nf4 Ne7 12. Qf3 Qd6 13. Be3 Bd7 14. Rac1
Rac8 15. Nh5 Be6 16. Bf4 Qb6 17. Be5 f6 18. Qg3 g6 19. Nxf6+ Rxf6 20. Bxf6 Rxc1
21. Rxc1 Bd6 22. Be5 Bxe5 23. Qxe5 Kf7 24. Re1 Ng8 25. Re3 Ne7 26. Qh8 Qxb2 27.
Qxh7+ Kf6 28. Qh8+ Kf7 29. Qe5 Qb6 30. h3 Nf5 31. Bxf5 Bxf5 32. Qxd5+ 1-0

[Event "European Youth Chess Championship G16"]
[Site "Prague, Top Hotel Prague"]
[Date "2016.08.22"]
[Round "5.13"]
[White "Rogozenco, Teodora"]
[Black "Mirza, Diana"]
[Result "1/2-1/2"]
[WhiteElo "2071"]
[BlackElo "1925"]
[PlyCount "104"]
[EventDate "2016.08.18"]

1. d4 Nf6 2. c4 g6 3. Nf3 Bg7 4. g3 O-O 5. Bg2 d6 6. O-O Nc6 7. Nc3 a6 8. Qd3
Rb8 9. d5 Ne5 10. Nxe5 dxe5 11. f4 exf4 12. gxf4 Nh5 13. e4 e5 14. fxe5 Bxe5
15. Ne2 Qh4 16. h3 f5 17. Bh6 Rf7 18. Nd4 Nf4 19. Bxf4 Bxf4 20. Nf3 Qg3 21. e5
Bxe5 22. Nxe5 Qxe5 23. b3 Bd7 24. Rae1 Qd6 25. Qd4 c5 26. Qe5 Qxe5 27. Rxe5 Re8
28. Rfe1 Kf8 29. d6 Rf6 30. Rxe8+ Bxe8 31. Re7 Rxd6 32. Rxh7 b5 33. Bd5 Bc6 34.
Bxc6 Rxc6 35. Kf2 g5 36. Kf3 bxc4 37. bxc4 Kg8 38. Ra7 Rh6 39. Kg3 Re6 40. Kf3
Rd6 41. a4 Rd4 42. Rxa6 g4+ 43. hxg4 fxg4+ 44. Kg3 Rxc4 45. Rg6+ Kf7 46. Rxg4
Rxg4+ 47. Kxg4 Ke6 48. Kf4 Kd5 49. Ke3 Kc4 50. a5 Kb5 51. Kd3 Kxa5 52. Kc4 Kb6
1/2-1/2

[Event "European Youth Chess Championship G16"]
[Site "Prague, Top Hotel Prague"]
[Date "2016.08.22"]
[Round "5.14"]
[White "Ayazmali, Gizem"]
[Black "Olde, Margareth"]
[Result "1-0"]
[WhiteElo "1816"]
[BlackElo "2059"]
[PlyCount "153"]
[EventDate "2016.08.18"]

1. e4 d5 2. exd5 Qxd5 3. Nc3 Qd6 4. d4 Nf6 5. Nf3 g6 6. Nb5 Qb6 7. Na3 c6 8.
Nc4 Qc7 9. Nce5 Bg7 10. Bc4 Nd5 11. O-O O-O 12. Bb3 Nd7 13. Re1 N7b6 14. c4 Nf6
15. h3 Bf5 16. Bf4 Qd8 17. Qe2 a5 18. a4 Nc8 19. Rad1 Bd7 20. Ng5 Be8 21. Ne4
Nxe4 22. Qxe4 Kh8 23. d5 Nd6 24. Qc2 c5 25. Nd3 Rc8 26. Be5 Nf5 27. Bxg7+ Kxg7
28. Qc3+ Kg8 29. Ne5 Nd4 30. Nf3 Nxb3 31. Qxb3 Qd7 32. Ne5 Qd6 33. Ng4 h5 34.
Ne5 Ra8 35. Rd3 f6 36. Nf3 Bd7 37. Rde3 Rf7 38. Qc2 Rg7 39. Nh4 f5 40. Nf3 Qf6
41. Qe2 Re8 42. Ne5 Bc8 43. Qd2 Qd6 44. Nf3 g5 45. Nxg5 Qf4 46. Rxe7 Rgxe7 47.
Qxf4 Rxe1+ 48. Kh2 R1e7 49. Qd6 Rg7 50. h4 Bd7 51. Qxc5 Re2 52. Qxa5 Rge7 53.
Qd8+ Be8 54. Ne6 Kf7 55. Qd6 Bxa4 56. Qg3 R7xe6 57. dxe6+ Kxe6 58. b3 Bc6 59.
Qg6+ Ke5 60. Qg3+ f4 61. Qg5+ Ke4 62. Qg6+ Kd4 63. Qxh5 Rxf2 64. Qd1+ Ke3 65.
Qe1+ Re2 66. Qc3+ Kf2 67. Qd4+ Ke1 68. Qxf4 Rxg2+ 69. Kh3 Rf2 70. Qc1+ Ke2 71.
Kg4 Bd7+ 72. Kg5 Rg2+ 73. Kf6 Rf2+ 74. Ke5 Bg4 75. Qg5 Bf3 76. h5 Rg2 77. Qxg2+
1-0

[Event "European Youth Chess Championship G16"]
[Site "Prague, Top Hotel Prague"]
[Date "2016.08.22"]
[Round "5.15"]
[White "Cvitan, Ena"]
[Black "Greibrokk, Ingrid"]
[Result "1/2-1/2"]
[WhiteElo "2045"]
[BlackElo "1912"]
[PlyCount "120"]
[EventDate "2016.08.18"]

1. d4 Nf6 2. Nf3 e6 3. e3 d5 4. Bd3 Be7 5. O-O O-O 6. b3 c5 7. Bb2 Nc6 8. a3
Re8 9. Nbd2 Nd7 10. c4 Bf6 11. Rc1 b6 12. cxd5 exd5 13. Qc2 h6 14. dxc5 Bxb2
15. Qxb2 bxc5 16. Rfd1 Bb7 17. Bf5 d4 18. exd4 Nxd4 19. Nxd4 Qg5 20. N2f3 Bxf3
21. Bh7+ Kxh7 22. Nxf3 Qf5 23. Qc2 Qxc2 24. Rxc2 Re7 25. Rd5 Rb8 26. Rd3 Ne5
27. Nxe5 Rxe5 28. g3 Re1+ 29. Kg2 Rb1 30. Rxc5 R1xb3 31. Rxb3 Rxb3 32. Ra5 Rb7
33. h4 Kg6 34. g4 Kf6 35. Kg3 Ke6 36. h5 Kf6 37. Kh4 g6 38. f4 Kg7 39. f5 Rc7
40. fxg6 fxg6 41. hxg6 Kxg6 42. Ra6+ Kg7 43. a4 Rd7 44. Kg3 Rf7 45. a5 Kh7 46.
Rc6 Kg7 47. a6 Kh7 48. Kh4 Rd7 49. Rc8 Kg6 50. Rc6+ Kg7 51. Rc8 Kg6 52. Rg8+
Kf7 53. Rb8 Kg6 54. Rb7 Rd4 55. Kh3 Rd3+ 56. Kg2 Kg5 57. Rxa7 Kxg4 58. Ra8 Ra3
59. a7 Kh4 60. Kf2 h5 1/2-1/2

[Event "European Youth Chess Championship G16"]
[Site "Prague, Top Hotel Prague"]
[Date "2016.08.22"]
[Round "5.16"]
[White "Polterauer, Chiara"]
[Black "Nemcova, Kamila"]
[Result "1-0"]
[WhiteElo "2009"]
[BlackElo "1774"]
[PlyCount "57"]
[EventDate "2016.08.18"]

1. e4 c5 2. Nf3 d6 3. d4 cxd4 4. Nxd4 Nf6 5. Nc3 a6 6. f3 e5 7. Nb3 Be7 8. Be3
Be6 9. Qd2 h5 10. O-O-O Nbd7 11. Kb1 Qc7 12. g3 b5 13. Nd5 Bxd5 14. exd5 Nb6
15. Bxb6 Qxb6 16. Na5 h4 17. Bh3 hxg3 18. hxg3 e4 19. Nc6 e3 20. Qd3 Rh5 21.
Bf5 g6 22. Rxh5 gxh5 23. Re1 Qc5 24. Nxe7 Kxe7 25. Rxe3+ Kf8 26. Re1 Nxd5 27.
Be4 Nb4 28. Qd2 Ra7 29. a3 1-0

[Event "European Youth Chess Championship G16"]
[Site "Prague, Top Hotel Prague"]
[Date "2016.08.22"]
[Round "5.17"]
[White "Grigoryan, Arpine"]
[Black "Jibuti, Nata"]
[Result "1/2-1/2"]
[WhiteElo "1964"]
[BlackElo "1761"]
[PlyCount "62"]
[EventDate "2016.08.18"]

1. e4 c5 2. Nf3 d6 3. d4 cxd4 4. Nxd4 Nf6 5. f3 Nc6 6. c4 Qb6 7. Nb3 a5 8. a4
g6 9. Na3 Bg7 10. Nb5 O-O 11. Qe2 Nb4 12. Bg5 Bd7 13. Bc1 Bxb5 14. axb5 Rfc8
15. Be3 Qd8 16. Qd2 Nd7 17. Be2 Nc5 18. Nxc5 dxc5 19. Qxd8+ Rxd8 20. Bxc5 Bxb2
21. Rb1 Bc3+ 22. Kf2 e6 23. Rb3 Bd4+ 24. Bxd4 Rxd4 25. Ra1 Rdd8 26. c5 Nc2 27.
Ra4 Nd4 28. Rba3 Nxe2 29. Kxe2 Rdc8 30. c6 bxc6 31. bxc6 Rxc6 1/2-1/2

[Event "European Youth Chess Championship G16"]
[Site "Prague, Top Hotel Prague"]
[Date "2016.08.22"]
[Round "5.18"]
[White "Frej, Zofia"]
[Black "Nilssen, Ellen Fredericia"]
[Result "1/2-1/2"]
[WhiteElo "1881"]
[BlackElo "1947"]
[PlyCount "49"]
[EventDate "2016.08.18"]

1. d4 Nf6 2. Nf3 e6 3. c4 d5 4. g3 Be7 5. Bg2 O-O 6. O-O Ne4 7. Nc3 f5 8. cxd5
exd5 9. Qb3 c6 10. Ne5 Qb6 11. Rd1 Be6 12. e3 Nd7 13. Nxd7 Bxd7 14. f3 Nd6 15.
Na4 Qxb3 16. axb3 a6 17. Nc5 Be8 18. Bd2 Bg6 19. Ba5 Rfe8 20. f4 Bd8 21. Bxd8
Raxd8 22. Kf2 Re7 23. Nd3 h6 24. Ne5 Bh5 25. Rg1 $11 1/2-1/2

[Event "European Youth Chess Championship G16"]
[Site "Prague, Top Hotel Prague"]
[Date "2016.08.22"]
[Round "5.19"]
[White "Ayan, Bengu Sena"]
[Black "Milovanova, Maria"]
[Result "1-0"]
[WhiteElo "1835"]
[BlackElo "2138"]
[PlyCount "47"]
[EventDate "2016.08.18"]

1. d4 Nf6 2. c4 e6 3. Nf3 c5 4. d5 b5 5. e3 Bb7 6. dxe6 fxe6 7. b3 bxc4 8. bxc4
d5 9. cxd5 exd5 10. Bb5+ Nc6 11. O-O Be7 12. Qa4 Qb6 13. Nc3 O-O 14. Rb1 Nd8
15. e4 Qe6 16. exd5 Nxd5 17. Bc4 Kh8 18. Rxb7 Nxb7 19. Bxd5 Qc8 20. Qe4 Qc7 21.
Bxb7 Rab8 22. Bd5 Rf6 23. Bf4 Qd8 24. Bxb8 1-0

[Event "European Youth Chess Championship G16"]
[Site "Prague, Top Hotel Prague"]
[Date "2016.08.22"]
[Round "5.20"]
[White "Vlkova, Anezka"]
[Black "Sliwicka, Alicja"]
[Result "0-1"]
[WhiteElo "1823"]
[BlackElo "2138"]
[PlyCount "48"]
[EventDate "2016.08.18"]

1. e4 e5 2. Nf3 Nc6 3. Bc4 Nf6 4. d3 Be7 5. c3 d6 6. Bb3 O-O 7. Nbd2 d5 8. exd5
Nxd5 9. Ne4 Kh8 10. O-O Bg4 11. Re1 f5 12. Ng3 f4 13. Ne4 h6 14. Kh1 Nf6 15.
Nxf6 Bxf6 16. Qe2 Qd7 17. Qe4 Rad8 18. Ba4 Bf5 19. Bxc6 bxc6 20. Qa4 Bxd3 21.
Qxa7 e4 22. Nd2 f3 23. g3 Qh3 24. Rg1 Rd5 0-1